000 00744nam a2200181Ia 4500
008 090630s9999 xx 000 0 und d
082 _b12177
100 _aअनुभवी तज्ञ.
245 _aलघुद्योग काही उपयुक्त फॉर्म्युले.
_cअनुभवी तज्ञ.
260 _bरघुवंशी.
300 _a144
600 _aअनुभवी तज्ञ.
630 _aलघुद्योग काही उपयुक्त फॉर्म्युले.
655 _aइतर.
700 _aअनुभवी तज्ञ.
730 _aलघुद्योग काही उपयुक्त फॉर्म्युले.
942 _cBOOK
999 _c264033
_d264033